Thicker than water. (Record no. 14049)

MARC details
000 -LEADER
fixed length control field 00542cam a22001931 4500
001 - CONTROL NUMBER
control field ca 09004835
003 - CONTROL NUMBER IDENTIFIER
control field DLC
005 - DATE AND TIME OF LATEST TRANSACTION
control field 20260227111050.0
008 - FIXED-LENGTH DATA ELEMENTS--GENERAL INFORMATION
fixed length control field 790929s1883 nyu 000 1 eng
010 ## - LIBRARY OF CONGRESS CONTROL NUMBER
LC control number ca 09004835
035 ## - SYSTEM CONTROL NUMBER
System control number (OCoLC)5438821
040 ## - CATALOGING SOURCE
Original cataloging agency DLC
Transcribing agency OCl
Modifying agency OCoLC
-- DLC
050 00 - LIBRARY OF CONGRESS CALL NUMBER
Classification number PZ3.P29
Item number Th4
Classification number PR5154
100 1# - MAIN ENTRY--PERSONAL NAME
Personal name Payn, James,
Dates associated with a name 1830-1898.
245 10 - TITLE STATEMENT
Title Thicker than water.
Remainder of title A novel.
Statement of responsibility, etc. By James Payn.
260 ## - PUBLICATION, DISTRIBUTION, ETC.
Place of publication, distribution, etc. New York,
Name of publisher, distributor, etc. G. Munro
Date of publication, distribution, etc. [1883]
300 ## - PHYSICAL DESCRIPTION
Extent 389 p.
Dimensions 19 cm.
490 0# - SERIES STATEMENT
Series statement Seaside library. Pocket ed.
Volume/sequential designation no. 48

No items available.

Powered by Koha